Squirrel seeks chipmunk : a modest bestiary / ... Read More
Available copies
- 4 of 4 copies available at LARL/NWRL Consortium.
- 2 of 2 copies available at Lake Agassiz Regional Library. (Show preferred library)
Current holds
0 current holds with 4 total copies.
View other formats and editions
Show Only Available Copies
| Location | Call Number / Copy Notes | Barcode | Shelving Location | Status | Due Date |
|---|---|---|---|---|---|
| Crookston Public Library | SED (Text) | 33500011136827 | Main | Available | - |
| Moorhead Public Library | SED (Text) | 33500011136835 | Main | Available | - |
| Red Lake Falls Public Library | SED (Text) | 35500004846182 | Main | Available | - |
| Roseau Public Library | SED (Text) | 35500005778327 | Main | Available | - |
Record details
- ISBN: 9780316038393
- ISBN: 0316038393
- ISBN: 9780316038409
- Physical Description: vii, 159 p. : ill. (some col.) ; 19 cm.
- Edition: 1st ed.
- Publisher: New York : Little, Brown and Co., 2010.
Content descriptions
| Formatted Contents Note: | The cat and the baboon -- The migrating warblers ... Read More |
| Summary, etc.: | The author presents a collection of three ... Read More |
Search for related items by subject
| Subject: | American wit and humor. Bestiaries > Fiction. Animals > Fiction. |
| Genre: | Fables. |
| LDR | 02834cam a2200445 a 4500 | ||
|---|---|---|---|
| 001 | 120047 | ||
| 003 | LARL_NWRL_CONSORTIUM | ||
| 005 | 20160526214217.0 | ||
| 008 | 100621s2010 nyua 000 1 eng | ||
| 020 | . | ‡a9780316038393 | |
| 020 | . | ‡a0316038393 | |
| 020 | . | ‡a9780316038409 | |
| 035 | . | ‡a(OCoLC)548642157 | |
| 082 | 0 | 0. | ‡a813/.54 ‡222 |
| 100 | 1 | . | ‡aSedaris, David. ‡0(LARL_NWRL_CONSORTIUM)113760 |
| 245 | 1 | 0. | ‡aSquirrel seeks chipmunk : ‡ba modest bestiary / ‡cDavid Sedaris ; illustrations by Ian Falconer. |
| 250 | . | ‡a1st ed. | |
| 260 | . | ‡aNew York : ‡bLittle, Brown and Co., ‡c2010. | |
| 300 | . | ‡avii, 159 p. : ‡bill. (some col.) ; ‡c19 cm. | |
| 505 | 0 | . | ‡aThe cat and the baboon -- The migrating warblers -- The squirrel and the chipmunk -- The toad, the turtle, and the duck -- The motherless bear -- The mouse and the snake -- The parenting storks -- The faithful setter -- The crow and the lamb -- The sick rat and the healthy rat -- The cow and the turkey -- The vigilant rabbit -- The judicious brown chicken -- The parrot and the potbellied pig -- Hello kitty -- The grieving owl. |
| 520 | . | ‡aThe author presents a collection of three animal-themed essays. In The Toad, the Turtle, and the Duck, a group of complete strangers bitterly discuss the order of things within the animal kingdom. In Hello Kitty, a miserable alcoholic cat attends AA. In The Squirrel and the Chipmunk, two lovers are torn apart by their quarrelling families. | |
| 650 | 0. | ‡aAmerican wit and humor. ‡0(LARL_NWRL_CONSORTIUM)13428 | |
| 650 | 0. | ‡aBestiaries ‡vFiction. | |
| 650 | 0. | ‡aAnimals ‡vFiction. ‡0(LARL_NWRL_CONSORTIUM)162060 | |
| 655 | 7. | ‡aFables. ‡2gsafd | |
| 700 | 1 | . | ‡aFalconer, Ian, ‡d1959- ‡0(LARL_NWRL_CONSORTIUM)135838 |
| 901 | . | ‡a120047 ‡bOCLC ‡c120047 ‡tbiblio | |

Add to basket
Permalink
Disable Highlighting